| 000 | 00485nam a2200145 4500 | ||
|---|---|---|---|
| 245 |
_aCollected papers of Bertrand Russell _cBertrand Russell ;edited by Richard A. Rempel, Andrew Brink and Margaret Moran |
||
| 100 | _aRussell, Bertrand | ||
| 710 | _aRempel, Richard A. | ||
| 710 | _aBrink, Andrew | ||
| 710 | _aMoran, Margaret | ||
| 260 |
_aLondon _bGeorge Allen & Unwin _cc1985 |
||
| 300 | _av.; 24cm. | ||
| 500 | _av. 12 : Contemplation and action, 1002-14 | ||
| 082 |
_a192 _bRUS/REM |
||
| 999 |
_c45439 _d45439 |
||